|
|
|
|
| LEADER |
00000nam0a2200000 4500 |
| 001 |
69384 |
| 005 |
20231101212437.0 |
| 010 |
|
|
|a 582910427X
|
| 010 |
|
|
|a 5-902358-18-3
|
| 035 |
|
|
|a (RuTPU)RU\TPU\book\73882
|
| 090 |
|
|
|a 69384
|
| 100 |
|
|
|a 20041025d2004 m y0rusy50 ca
|
| 101 |
0 |
|
|a rus
|
| 102 |
|
|
|a RU
|
| 105 |
|
|
|a a j 001zy
|
| 200 |
1 |
|
|a История социальной работы
|e учебное пособие
|f М. В. Фирсов
|
| 210 |
|
|
|a Москва
|c Академический проект
|c Трикста
|d 2004
|
| 215 |
|
|
|a 608 с.
|c ил.
|
| 225 |
1 |
|
|a Gaudeamus
|
| 225 |
1 |
|
|a Учебное пособие для высшей школы
|
| 320 |
|
|
|a Библиография в конце глав
|
| 451 |
|
1 |
|0 (RuTPU)RU\TPU\book\130267
|y 5-8291-0803-8
|t История социальной работы
|o учебное пособие
|f М. В. Фирсов
|e 2-е изд.
|c М.
|n Академический проект
|c Киров
|n Константа
|d 2007
|p 608 с.
|s Учебное пособие для высшей школы
|a Фирсов, Михаил Васильевич
|
| 451 |
|
|
|y 5-902844-16-9
|
| 606 |
|
|
|a Социальная работа
|x История
|2 stltpush
|3 (RuTPU)RU\TPU\subj\36956
|9 58147
|
| 610 |
1 |
|
|a экономика
|
| 610 |
1 |
|
|a социальная работа
|
| 610 |
1 |
|
|a история
|
| 610 |
1 |
|
|a теория
|
| 610 |
1 |
|
|a зарубежные страны
|
| 610 |
1 |
|
|a взаимопомощь
|
| 610 |
1 |
|
|a античность
|
| 610 |
1 |
|
|a славянские общины
|
| 610 |
1 |
|
|a благотворительность
|
| 610 |
1 |
|
|a средние века
|
| 610 |
1 |
|
|a монастыри
|
| 610 |
1 |
|
|a монашеские ордены
|
| 610 |
1 |
|
|a взаимопомощь
|
| 610 |
1 |
|
|a 17 век
|
| 610 |
1 |
|
|a 18 век
|
| 610 |
1 |
|
|a 19 век
|
| 610 |
1 |
|
|a 20 век
|
| 610 |
1 |
|
|a социально-уязвимые слои
|
| 610 |
1 |
|
|a социальное обеспечение
|
| 610 |
1 |
|
|a социальное обслуживание
|
| 610 |
1 |
|
|a практика
|
| 610 |
1 |
|
|a милосердие
|
| 610 |
1 |
|
|a филантропия
|
| 610 |
1 |
|
|a социальное образование
|
| 610 |
1 |
|
|a учебные пособия
|
| 610 |
1 |
|
|a Россия
|
| 610 |
1 |
|
|a Древняя Греция
|
| 610 |
1 |
|
|a Древний Рим
|
| 610 |
1 |
|
|a Европа
|
| 610 |
1 |
|
|a Северная Америка
|
| 686 |
|
|
|a У9(2)272я73
|v LBC/SL-A
|2 rubbk
|
| 700 |
|
1 |
|a Фирсов
|b М. В.
|g Михаил Васильевич
|
| 801 |
|
1 |
|a RU
|b 63413507
|c 20041025
|g PSBO
|
| 801 |
|
2 |
|a RU
|b 63413507
|c 20210421
|g PSBO
|
| 900 |
|
|
|a Социальная работа
|
| 942 |
|
|
|c BK
|
| 951 |
|
|
|a 520000
|